China in the 1920s : nationalism and revolution /

Bibliographic Details
Other Authors: Chan, F. Gilbert, Etzold, Thomas H.
Format: Book
Language:English
Published: New York : New Viewpoints, 1976.
Series:History of modern China.
Subjects:

MARC

Tag First Indicator Second Indicator Subfields
LEADER 00000cam a22000008i 4500
001 in00000463189
005 20151012163254.0
008 760312s1976 nyu b 00100 eng
010 |a  76008246  
020 |z 0531053830. 
020 |a 0531055892 (pbk.) 
035 |a (OCoLC)02121419 
035 |9 ABZ6284AM 
040 |a DLC  |c DLC  |d TXA  |d UtOrBLW 
043 |a a-cc--- 
049 |a TXAM  |c [1360573] 
050 0 0 |a DS777.47  |b .C496 
082 0 |a 320.9/51/041 
245 0 0 |a China in the 1920s :  |b nationalism and revolution /  |c editors: F. Gilbert Chan and Thomas H. Etzold. 
264 1 |a New York :  |b New Viewpoints,  |c 1976. 
300 |a xiii, 249 pages ;  |c 22 cm. 
336 |a text  |b txt  |2 rdacontent 
337 |a unmediated  |b n  |2 rdamedia 
338 |a volume  |b nc  |2 rdacarrier 
490 1 |a A History of modern China 
500 |a Includes index. 
504 |a Bibliography: [232]-234. 
651 0 |a China  |x Politics and government  |y 1912-1937. 
700 1 |a Chan, F. Gilbert. 
700 1 |a Etzold, Thomas H. 
830 0 |a History of modern China. 
999 |a MARS 
999 f f |s 96573777-2969-3f61-9daf-025c77d62d67  |i 3ac715dc-af53-30ba-b9ed-cd354399f62a  |t 0 
952 f f |p ric  |a Texas A&M University  |b Rellis Campus  |c Joint Library Facility  |d Remote Storage  |t 0  |e DS777.47 .C496  |h Library of Congress classification  |i unmediated -- volume  |m A14802071931 
998 f f |a DS777.47 .C496  |t 0  |l Remote Storage